=LDR 00000nam 2200000 4500 =001 INLIS000000000034492 =005 20130612140410 =008 ***********************************ind** =035 ##$$0010-061300000034492 =041 ##$$a ind =082 ##$$a 940.53 =090 ##$$a 940.53, Sco m =100 ##$$a Scott, Carey =245 ##$$a Mata-mata dan pemecahan kode, Kisah yang terlewatkan/ Carey Scott; Alih bahasa,kowiya =260 ##$$a 2009 $b Jakarta =300 ##$$a 44 hlm., Ilus., 27 cm =650 ##$$a Perang Dunia II =700 ##$$a Kowiya =850 ##$$a NBPNMAT =990 ##$$a 68406840 =990 ##$$a 01201436209